Every Governor of South Carolina - Statistics

General Stats
  • This quiz has been taken 46 times
  • The average score is 23 of 85
Answer Stats
Picture Hint Answer % Correct
R(2017-) Henry McMaster
95%
R(2011-2017) Nikki Haley
95%
D(1947-1951) Strom Thurmond
85%
R(2003-2011) Mark Sanford
70%
D(1915-1915) Charles Aurelius Smith
50%
DR(1806-1808) Charles Pinckney
45%
DR(1796-1798) Charles Pinckney
45%
D(1877-1879) Wade Hampton III
45%
D(1890-1894) Benjamin Ryan Tillman
40%
F(1798-1800) Edward Rutledge
40%
DR(1814-1816) David Rogerson Williams
35%
D(1959-1963) Ernest F. Hollings
35%
D(1951-1955) James Francis Byrnes
35%
D(1945-1947) Ransome Judson Williams
35%
DR(1816-1818) Andrew Pickens
30%
D(1846-1848) David Johnson
30%
D(1860-1862) Francis Wilkinson Pickens
30%
DR(1802-1804) James Burchill Richardson
30%
D(1842-1844) James Henry Hammond
30%
D(1927-1931) John Gardiner Richards, Jr.
30%
D(1852-1854) John Lawrence Manning
30%
D(1840-1842) John Peter Richardson II
30%
D(1886-1890) John Peter Richardson III
30%
DR(1824-1826) Richard Irvine Manning I
30%
D(1915-1919) Richard Irvine Manning III
30%
D(1832-1834) Robert Young Hayne
30%
D(1844-1846) William Aiken, Jr.
30%
D(1858-1860) William Henry Gist
30%
F(1792-1794) William Moultrie
30%
D(1864-1865) Andrew Gordon Magrath
25%
D(1911-1915) Coleman Livingston Blease
25%
D(1903-1907) Duncan Clinch Heyward
25%
D(1834-1836) George McDuffie
25%
DR(1810-1812) Henry Middleton
25%
D(1830-1832) James Hamilton, Jr.
25%
NP(1865-1868) James Lawrence Orr
25%
D(1999-2003) Jim Hodges
25%
D(1886-1886) John Calhoun Sheppard
25%
DR(1808-1810) John Drayton
25%
DR(1800-1802) John Drayton
25%
D(1894-1897) John Gary Evans
25%
DR(1822-1824) John Lyde Wilson
25%
DR(1826-1828) John Taylor
25%
DR(1812-1814) Joseph Alston
25%
D(1862-1864) Milledge Luke Bonham
25%
D(1943-1945) Olin D. Johnston
25%
D(1935-1939) Olin D. Johnston
25%
DR(1804-1806) Paul Hamilton
25%
D(1836-1838) Pierce Mason Butler
25%
R(1868-1872) Robert Kingston Scot
25%
DR(1820-1822) Thomas Bennett, Jr.
25%
UD(1865-1865) Benjamin Franklin Perry
20%
R(1995-1999) David Beasley
20%
D(1963-1965) Donald Stuart Russell
20%
D(1882-1886) Hugh Smith Thompson
20%
D(1854-1856) James Hopkins Adams
20%
DR(1818-1820) John Geddes
20%
D(1919-1922) Robert Archer Cooper
20%
D(1965-1971) Robert Evander McNair
20%
D(1856-1858) Robert F.W. Allston
20%
D(1880-1880) Thomas Bothwell Jeter
20%
D(1879-1880) William Dunlap Simpson
20%
D(1922-1923) Wilson Godfrey Harvey
20%
F(1794-1796) Arnoldus Vanderhorst
15%
D(1840-1840) Barnabas Kelet Henagan
15%
D(1939-1941) Burnet R. Maybank
15%
R(1987-1995) Carroll A. Campbell, Jr.
15%
R(1874-1877) Daniel Henry Chamberlain
15%
R(1872-1874) Franklin J. Moses, Jr.
15%
D(1955-1959) George Bell Timmerman, Jr.
15%
D(1931-1935) Ibra Charles Blackwood
15%
R(1975-1979) James B. Edwards
15%
D(1971-1975) John C. West
15%
D(1850-1852) John Hugh Means
15%
D(1880-1882) Johnson Hagood
15%
D(1941-1942) Joseph Emile Harley
15%
D(1907-1911) Martin Frederick Ansel
15%
D(1899-1903) Miles Benjamin McSweeney
15%
D(1838-1840) Patrick Noble
15%
D(1942-1943) Richard Manning Jefferies
15%
D(1979-1987) Richard Riley
15%
D(1828-1830) Stephen Decatur Miller
15%
D(1923-1927) Thomas Gordon McLeod
15%
D(1848-1850) Whitemarsh B. Seabrook
15%
D(1897-1899) William Haselden Ellerbe
15%
No matching quizzes found
Score Distribution
Percent of People with Each Score
Percentile by Number Answered
Your Score History
You have not taken this quiz